[Event "Open A"]
[Site "Cortina d'Ampezzo"]
[Date "2005.07.11"]
[Round "2.12"]
[White "Mercandelli, Claudio"]
[Black "Mrdja, Milan"]
[Result "0-1"]
[WhiteElo "2105"]
[BlackElo "2352"]
[PlyCount "40"]
[EventDate "2005.07.10"]
[EventType "swiss"]
[EventRounds "9"]
[EventCountry "ITA"]

1. c4 e5 2. g3 Nf6 3. Bg2 Nc6 4. Nc3 Bb4 5. Nd5 Bc5 6. e3 Nxd5 7. cxd5 Ne7 8. Ne2 d6 9. d4 Bb6 10. Nc3 exd4 11. exd4 O-O 12. Bg5 h6 13. Be3 Nf5 14. Qd3 Re8 15. O-O Bd7 16. a3 Qe7 17. Rae1 Nxd4 18. Qd2 Qf6 19. f4 Rxe3 20. Rxe3 Nf5 0-1

[Event "Open A"]
[Site "Cortina d'Ampezzo"]
[Date "2005.07.11"]
[Round "2.8"]
[White "Dragojlovic, Andjelko"]
[Black "Marta, Daniele"]
[Result "1/2-1/2"]
[WhiteElo "2320"]
[BlackElo "2024"]
[PlyCount "68"]
[EventDate "2005.07.10"]
[EventType "swiss"]
[EventRounds "9"]
[EventCountry "ITA"]

1. e4 e6 2. Qe2 c5 3. Nf3 Nc6 4. g3 Nf6 5. Bg2 Be7 6. O-O d5 7. e5 Nd7 8. h4 Qc7 9. Re1 Nd4 10. Nxd4 cxd4 11. c3 d3 12. Qxd3 Nxe5 13. Qe2 Nc6 14. d4 O-O 15. Nd2 b6 16. Nf3 a5 17. Ne5 Nxe5 18. dxe5 Ba6 19. Qg4 Kh8 20. Bg5 h6 21. Bf4 Bd3 22. Rad1 Bh7 23. Bf1 Qc6 24. c4 Rad8 25. cxd5 Rxd5 26. Bg2 Rxd1 27. Rxd1 Qc2 28. Rd2 Qb1+ 29. Qd1 Qxa2 30. Be3 Bb4 31. Rd8 Qxb2 32. Bxb6 Qb1 33. Qxb1 Bxb1 34. Rxf8+ Bxf8 1/2-1/2

[Event "Open A"]
[Site "Cortina d'Ampezzo"]
[Date "2005.07.11"]
[Round "2.9"]
[White "Cardili, Mariano"]
[Black "Boscolo, Marco"]
[Result "0-1"]
[WhiteElo "2076"]
[BlackElo "2006"]
[PlyCount "82"]
[EventDate "2005.07.10"]
[EventType "swiss"]
[EventRounds "9"]
[EventCountry "ITA"]

1. d4 Nf6 2. c4 g6 3. Nc3 Bg7 4. e4 d6 5. Nf3 O-O 6. Be2 e5 7. O-O Nc6 8. d5 Ne7 9. Ne1 Ne8 10. Nd3 f5 11. Bd2 Nf6 12. f3 Bd7 13. c5 a6 14. Rc1 Kh8 15. b4 Neg8 16. Nf2 Bh6 17. a4 Qe8 18. cxd6 cxd6 19. b5 Qb8 20. b6 Rc8 21. Bxh6 Nxh6 22. Qb3 Ne8 23. Nd3 Nf7 24. exf5 gxf5 25. Nf2 Nf6 26. Qb2 Kg8 27. Nfd1 Rc5 28. Ne3 Qd8 29. Kh1 Rac8 30. Rg1 Kf8 31. h3 h5 32. Qb3 Ke7 33. Bc4 Qh8 34. Ne2 Ng4 35. Nxg4 hxg4 36. Rc3 Qf6 37. Kh2 Qh4 38. Qa2 Nh6 39. Qb3 gxh3 40. Rgc1 Ng4+ 41. Kh1 hxg2+ 0-1

[Event "Open A"]
[Site "Cortina d'Ampezzo"]
[Date "2005.07.11"]
[Round "2.6"]
[White "Cacco, Christian"]
[Black "Agnelli, Francesco"]
[Result "1-0"]
[WhiteElo "2348"]
[BlackElo "2055"]
[PlyCount "65"]
[EventDate "2005.07.10"]
[EventType "swiss"]
[EventRounds "9"]
[EventCountry "ITA"]

1. d4 Nf6 2. Nf3 g6 3. g3 c5 4. c4 Bg7 5. Bg2 O-O 6. Nc3 cxd4 7. Nxd4 Nc6 8. O-O Qb6 9. Nc2 d6 10. b3 Be6 11. Bd2 Ng4 12. h3 Nge5 13. Kh2 f5 14. Ne3 Kh8 15. Qc1 Qd8 16. f4 Nf7 17. Qa3 Bc8 18. Rad1 e5 19. Bd5 exf4 20. gxf4 Nd4 21. Ng2 Qc7 22. e3 Ne6 23. Nb5 Qb8 24. Bb4 Rd8 25. Nd4 Nxd4 26. exd4 Nh6 27. Rfe1 Ng8 28. Ba5 Rf8 29. Bxg8 Kxg8 30. Re7 b6 31. Bb4 Bb7 32. Bxd6 Qc8 33. Rc7 1-0

[Event "Open A"]
[Site "Cortina d'Ampezzo"]
[Date "2005.07.11"]
[Round "2.11"]
[White "Estremera Panos, Sergio"]
[Black "Napoli, Nicolo"]
[Result "0-1"]
[WhiteElo "2367"]
[BlackElo "2225"]
[Annotator "Ballarin,Gabriele"]
[PlyCount "51"]
[EventDate "2005.07.10"]
[EventType "swiss"]
[EventRounds "9"]
[EventCountry "ITA"]

1. d4 d5 2. Nf3 Nf6 3. c4 c6 4. Nc3 g6 5. cxd5 Nxd5 6. e4 Nxc3 7. bxc3 Bg7 8. Bc4 O-O 9. O-O Nd7 10. e5 b5 11. Bb3 Nb6 12. Ng5 h6 13. Ne4 Bf5 14. Ng3 Qc8 15. Nxf5 Qxf5 16. Ba3 Qd7 17. Bc5 Nd5 18. Qf3 Rfe8 19. a4 a6 20. Ra2 Rab8 21. axb5 axb5 22. Ra7 Rb7 23. e6 fxe6 24. Rxb7 Qxb7 25. Qe4 Qd7 26. Qxg6 {Ex articolo12.2} 0-1

[Event "Open A"]
[Site "Cortina d'Ampezzo"]
[Date "2005.07.11"]
[Round "2.10"]
[White "Ricci, Alfredo"]
[Black "Calzetta Ruiz, Monica"]
[Result "0-1"]
[WhiteElo "2015"]
[BlackElo "2282"]
[PlyCount "62"]
[EventDate "2005.07.10"]
[EventType "swiss"]
[EventRounds "9"]
[EventCountry "ITA"]

1. e4 c5 2. d4 cxd4 3. Nf3 a6 4. Nxd4 e5 5. Nb3 Nc6 6. Be2 Nf6 7. Bf3 d6 8. Nc3 Be6 9. Bg5 Be7 10. Qd2 a5 11. Bxf6 Bxf6 12. Nb5 Be7 13. Rd1 a4 14. Nc1 O-O 15. a3 Qb6 16. Be2 Rfd8 17. c4 Na5 18. Qb4 Bf8 19. Rd5 Nc6 20. Qd2 Bxd5 21. cxd5 Nd4 22. Nxd4 exd4 23. Nd3 g6 24. h4 Re8 25. Qf4 Bg7 26. h5 Rac8 27. hxg6 hxg6 28. f3 Rc2 29. Rh3 Rec8 30. Qg5 Qa5+ 31. Kd1 f6 0-1

[Event "Open A"]
[Site "Cortina d'Ampezzo"]
[Date "2005.07.11"]
[Round "2.19"]
[White "Scerbo, Antonio"]
[Black "Forato, Enrico"]
[Result "1/2-1/2"]
[WhiteElo "2113"]
[BlackElo "1974"]
[PlyCount "44"]
[EventDate "2005.07.10"]
[EventType "swiss"]
[EventRounds "9"]
[EventCountry "ITA"]

1. d4 Nf6 2. c4 g6 3. Nc3 Bg7 4. e4 d6 5. Nf3 O-O 6. h3 e5 7. dxe5 dxe5 8. Qxd8 Rxd8 9. Bg5 c6 10. Be2 h6 11. Be3 Be6 12. Nxe5 Nxe4 13. Nxe4 Bxe5 14. Bxh6 Bf5 15. Nc3 Bxc3+ 16. bxc3 Nd7 17. g4 Be6 18. Be3 Ne5 19. c5 Nd3+ 20. Bxd3 Rxd3 21. Rb1 Rad8 22. Bd4 Rd7 1/2-1/2

[Event "Open A"]
[Site "Cortina d'Ampezzo"]
[Date "2005.07.11"]
[Round "2.18"]
[White "Tamburini, Lorenzo"]
[Black "Dvirnyy, Danyyil"]
[Result "0-1"]
[WhiteElo "2055"]
[BlackElo "2141"]
[PlyCount "94"]
[EventDate "2005.07.10"]
[EventType "swiss"]
[EventRounds "9"]
[EventCountry "ITA"]

1. e4 c5 2. Nf3 d6 3. d4 cxd4 4. Nxd4 Nf6 5. Nc3 g6 6. Be2 Bg7 7. Be3 O-O 8. O-O Nc6 9. Nb3 Be6 10. f4 Qc8 11. Kh1 Bg4 12. Nd4 Bxe2 13. Ndxe2 Qe6 14. Ng3 Rac8 15. Qd2 Ng4 16. Bg1 Na5 17. f5 Qe5 18. Nd5 Nc4 19. Qd1 h5 20. c3 Rc5 21. Bd4 Rxd5 22. exd5 Qxd5 23. fxg6 fxg6 24. Rxf8+ Bxf8 25. Bg1 Qc6 26. Qe2 d5 27. b3 Nce5 28. h3 Qxc3 29. Re1 Qxg3 30. hxg4 Nxg4 31. Qe6+ Kh7 32. Qf7+ Bg7 33. Qxe7 d4 34. Rd1 Kh6 35. Qe1 Qd6 36. Qd2+ g5 37. Qd3 Qf4 38. Rf1 Qe5 39. Rd1 Qd6 40. Qf3 b6 41. Rc1 Bf6 42. g3 Ne5 43. Qe4 d3 44. Rd1 d2 45. Be3 Ng4 46. Rxd2 Qxg3 47. Rg2 Qh4+ 0-1

[Event "Open A"]
[Site "Cortina d'Ampezzo"]
[Date "2005.07.11"]
[Round "2.5"]
[White "Alberton, Roberto"]
[Black "Qendro, Llambi"]
[Result "0-1"]
[WhiteElo "2108"]
[BlackElo "2357"]
[PlyCount "112"]
[EventDate "2005.07.10"]
[EventType "swiss"]
[EventRounds "9"]
[EventCountry "ITA"]

1. e4 g6 2. d4 Bg7 3. Be3 c6 4. Qd2 d5 5. e5 f6 6. f4 Nh6 7. Nf3 O-O 8. Be2 Bg4 9. O-O Nd7 10. Nc3 Nf5 11. Bd3 Nxe3 12. Qxe3 Bxf3 13. Rxf3 fxe5 14. dxe5 d4 15. Qd2 dxc3 16. Qxc3 Nb6 17. Rd1 Nd5 18. Qd2 e6 19. Kh1 Qe7 20. a3 Rad8 21. Qf2 Bh6 22. g3 g5 23. fxg5 Bxg5 24. Qe2 Qg7 25. Rdf1 Ne3 26. Rxf8+ Rxf8 27. Rxf8+ Qxf8 28. Qh5 Bh6 29. Kg1 Kg7 30. Qh4 Nf5 31. Qc4 Be3+ 32. Kg2 Nd4 33. Be4 b5 34. Qd3 Qf2+ 35. Kh3 Qe2 36. Qxe2 Nxe2 37. c3 a6 38. Kg2 Nc1 39. Bxc6 Nd3 40. Bb7 Nc5 41. Bc8 Bc1 42. b4 Na4 43. Bxe6 Nxc3 44. Bc8 Bxa3 45. Bxa6 Bxb4 46. Kf3 Bc5 47. g4 Bg1 48. h4 Bh2 49. e6 Kf6 50. Bc8 b4 51. e7 Kxe7 52. Bf5 b3 53. Bxh7 b2 54. g5 b1=Q 55. Bxb1 Nxb1 56. Ke4 Ke6 0-1

[Event "Open A"]
[Site "Cortina d'Ampezzo"]
[Date "2005.07.11"]
[Round "2.15"]
[White "Satta, Vladimiro"]
[Black "Melotti, Dario Valerio"]
[Result "1-0"]
[WhiteElo "2223"]
[BlackElo "2093"]
[PlyCount "103"]
[EventDate "2005.07.10"]
[EventType "swiss"]
[EventRounds "9"]
[EventCountry "ITA"]

1. c4 e5 2. g3 g6 3. Bg2 Bg7 4. Nc3 d6 5. d3 c6 6. e4 Ne7 7. Nge2 Nd7 8. O-O O-O 9. h3 a5 10. Be3 f5 11. Qd2 Rf7 12. Kh2 Kh8 13. Rad1 Ng8 14. d4 Qc7 15. b3 Ndf6 16. dxe5 dxe5 17. Qd8 Bf8 18. Qxc7 Rxc7 19. f4 exf4 20. Bxf4 Re7 21. Rd8 Kg7 22. exf5 gxf5 23. Nd4 Re8 24. Rxe8 Nxe8 25. Na4 Ra6 26. Be5+ Kg6 27. g4 Bg7 28. gxf5+ Kf7 29. Bxg7 Nxg7 30. Nc5 Ra8 31. Ne4 Nf6 32. Ng5+ Kg8 33. Ne4 Nge8 34. Re1 Nxe4 35. Bxe4 Kf7 36. Nxc6 Nd6 37. Nd4 a4 38. b4 Nxe4 39. Rxe4 a3 40. Nb5 Bxf5 41. Nd6+ Kf6 42. Re2 Be6 43. Ne4+ Kf5 44. Ng3+ Kf6 45. Ne4+ Kf5 46. b5 b6 47. c5 bxc5 48. Nxc5 Bc4 49. Rf2+ Ke5 50. Nd7+ Kd4 51. Rf4+ Kd3 52. Ne5+ 1-0

[Event "Open A"]
[Site "Cortina d'Ampezzo"]
[Date "2005.07.11"]
[Round "2.13"]
[White "Molina, Fabrizio"]
[Black "Gardi, Giuseppe"]
[Result "1-0"]
[WhiteElo "2268"]
[BlackElo "2099"]
[Annotator "Ballarin,Gabriele"]
[PlyCount "139"]
[EventDate "2005.07.10"]
[EventType "swiss"]
[EventRounds "9"]
[EventCountry "ITA"]

1. c4 g6 2. Nc3 Bg7 3. g3 e5 4. Bg2 d6 5. d3 f5 6. e4 Nf6 7. Nge2 O-O 8. O-O c6 9. Bg5 h6 10. Bd2 Be6 11. Qc1 Kh7 12. Na4 Na6 13. b4 fxe4 14. dxe4 b5 15. Nb2 Qd7 16. a4 bxc4 17. Nxc4 Ne8 18. Na5 Rc8 19. Qa3 d5 20. Qd3 Nec7 21. Rac1 Nb8 22. Rfd1 Bh3 23. Be1 Bxg2 24. Kxg2 d4 25. Rc2 Ne6 26. Rdc1 Ng5 27. Ng1 Rf6 28. b5 Qg4 29. f3 Qd7 30. bxc6 Nxc6 31. Qb5 a6 32. Qd3 Ne7 {=} 33. Nc4 Nf7 34. Bb4 Re8 35. a5 Qa4 36. Rb2 Nc8 37. Bd2 Nfd6 38. Nb6 Nxb6 39. axb6 Nb5 40. Rc4 Qa1 41. Qb3 Qa3 42. Qxa3 Nxa3 43. Ra4 Nb5 44. Rxa6 Nc3 45. Ra7 Rb8 46. b7 Rf7 47. Bxc3 dxc3 48. Rc2 Rbxb7 49. Rxb7 Rxb7 50. Rxc3 Rb2+ 51. Kh3 h5 52. Re3 Rf2 53. Re2 Rf1 54. Kg2 Rd1 55. Rc2 Kh6 56. Ne2 Ra1 57. Nc3 Bf8 58. Nd5 Ra5 59. Rc7 Bc5 60. h4 Ra2+ 61. Kh3 Bg1 62. g4 hxg4+ 63. fxg4 g5 64. h5 Rh2+ 65. Kg3 Rh4 66. Ne7 Bh2+ 67. Kf3 Rh3+ 68. Kg2 Rg3+ 69. Kxh2 Rxg4 70. Ng8+ 1-0

[Event "Open A"]
[Site "Cortina d'Ampezzo"]
[Date "2005.07.11"]
[Round "2.17"]
[White "Ventura, Sergio"]
[Black "Crippa, Gabriele"]
[Result "1-0"]
[WhiteElo "2153"]
[BlackElo "2083"]
[PlyCount "133"]
[EventDate "2005.07.10"]
[EventType "swiss"]
[EventRounds "9"]
[EventCountry "ITA"]

1. c4 d6 2. g3 g6 3. Bg2 Bg7 4. Nc3 c5 5. Rb1 Nc6 6. d3 Bg4 7. a3 Rb8 8. Bd2 Qc8 9. b4 h5 10. h3 Bd7 11. Nf3 Nh6 12. b5 Nd4 13. Ng5 f6 14. Nge4 Nf7 15. Nd5 h4 16. e3 Ne6 17. b6 a6 18. Bc3 Kf8 19. g4 Rh7 20. Nd2 Ned8 21. Nf4 Rh6 22. Rg1 Nc6 23. Qc2 e5 24. Nd5 Ne7 25. Qd1 Bc6 26. Qe2 Nxd5 27. cxd5 Bb5 28. Bf1 Qd7 29. Qd1 Re8 30. Qc1 Rh7 31. Be2 Ng5 32. Rh1 Bh8 33. e4 Bg7 34. Qc2 Bh6 35. Bd1 Nf7 36. a4 Bf4 37. axb5 axb5 38. Nf3 Ke7 39. Bd2 Rhh8 40. Qb3 b4 41. Bxf4 exf4 42. g5 fxg5 43. Qb2 Qb5 44. Be2 Qxb6 45. Rg1 Kd7 46. Nxg5 Ne5 47. Nf3 Rhg8 48. Nxe5+ Rxe5 49. Bg4+ Ke7 50. Be6 Rg7 51. Qc1 Qa6 52. Rb3 f3 53. Rg4 g5 54. Kd2 b5 55. Ke3 Qa2 56. Qb2 Qa6 57. Kxf3 c4 58. dxc4 bxc4 59. Rxb4 c3 60. Qxc3 Qf1 61. Qc7+ Kf6 62. Qd8+ Kg6 63. Qe8+ Kf6 64. Qf8+ Kg6 65. Bf5+ Rxf5+ 66. exf5+ Kh7 67. Rxh4+ 1-0

[Event "Open A"]
[Site "Cortina d'Ampezzo"]
[Date "2005.07.11"]
[Round "2.7"]
[White "Papale, Carmelo"]
[Black "Mazzilli, Piero"]
[Result "0-1"]
[WhiteElo "1952"]
[BlackElo "2341"]
[Annotator "Ballarin,Gabriele"]
[PlyCount "33"]
[EventDate "2005.07.10"]
[EventType "swiss"]
[EventRounds "9"]
[EventCountry "ITA"]

1. e4 c5 2. Nf3 d6 3. d4 cxd4 4. Nxd4 Nf6 5. Nc3 a6 6. Bg5 e6 7. f4 Be7 8. Qf3 h6 9. Qh3 e5 10. Nf5 exf4 11. Bxf6 Bxf6 12. Nxd6+ Qxd6 13. Qxc8+ Qd8 14. Qxb7 Nd7 15. O-O-O Rb8 16. Qxa6 Ra8 17. Qb7 {Nur} 0-1

[Event "Open A"]
[Site "Cortina d'Ampezzo"]
[Date "2005.07.12"]
[Round "3.11"]
[White "Braghetta, Sergio"]
[Black "Papale, Carmelo"]
[Result "1-0"]
[WhiteElo "2264"]
[BlackElo "1952"]
[PlyCount "61"]
[EventDate "2005.07.10"]
[EventType "swiss"]
[EventRounds "9"]
[EventCountry "ITA"]

1. e4 c5 2. Nf3 d6 3. d4 cxd4 4. Nxd4 Nf6 5. Nc3 a6 6. f3 e5 7. Nb3 Be6 8. Be3 Be7 9. Qd2 O-O 10. O-O-O Nc6 11. g4 Rc8 12. g5 Nd7 13. h4 Na5 14. Kb1 Nxb3 15. axb3 Qc7 16. Bh3 Rfd8 17. h5 b5 18. g6 Nf6 19. gxf7+ Kxf7 20. Bxe6+ Kxe6 21. Qd3 Kf7 22. Rdg1 Qc6 23. Nd5 Bf8 24. Bg5 Qc5 25. Bxf6 gxf6 26. h6 Rc6 27. Rg2 Rdc8 28. f4 a5 29. Qh3 Qa7 30. Qh5+ Ke6 31. f5+ 1-0

[Event "Open A"]
[Site "Cortina d'Ampezzo"]
[Date "2005.07.12"]
[Round "3.17"]
[White "Melotti, Dario Valerio"]
[Black "Estremera Panos, Sergio"]
[Result "1/2-1/2"]
[WhiteElo "2093"]
[BlackElo "2367"]
[PlyCount "31"]
[EventDate "2005.07.10"]
[EventType "swiss"]
[EventRounds "9"]
[EventCountry "ITA"]

1. c4 Nf6 2. Nc3 e5 3. Nf3 Nc6 4. d4 exd4 5. Nxd4 Bb4 6. Bg5 Bxc3+ 7. bxc3 Ne5 8. f4 Ng6 9. e4 h6 10. Bxf6 Qxf6 11. g3 d6 12. Bd3 O-O 13. O-O Bd7 14. Qd2 Rfe8 15. Rae1 Nf8 16. h4 1/2-1/2

[Event "Open A"]
[Site "Cortina d'Ampezzo"]
[Date "2005.07.12"]
[Round "3.10"]
[White "Dvirnyy, Danyyil"]
[Black "Molina, Fabrizio"]
[Result "1/2-1/2"]
[WhiteElo "2141"]
[BlackElo "2268"]
[Annotator "Ballarin,Gabriele"]
[PlyCount "29"]
[EventDate "2005.07.10"]
[EventType "swiss"]
[EventRounds "9"]
[EventCountry "ITA"]

1. e4 e6 2. d4 d5 3. exd5 exd5 4. Bd3 c5 5. dxc5 Bxc5 6. Nc3 Ne7 7. Qf3 Nbc6 8. Bf4 Nb4 9. Bb5+ Bd7 10. O-O-O Nxa2+ 11. Nxa2 Bxb5 12. Qc3 Bc4 13. b3 Ba3+ 14. Kb1 Qb6 15. Be3 {=} 1/2-1/2

[Event "Open A"]
[Site "Cortina d'Ampezzo"]
[Date "2005.07.12"]
[Round "3.1"]
[White "Qendro, Llambi"]
[Black "Godena, Michele"]
[Result "1/2-1/2"]
[WhiteElo "2357"]
[BlackElo "2522"]
[Annotator "Ballarin,Gabriele"]
[PlyCount "30"]
[EventDate "2005.07.10"]
[EventType "swiss"]
[EventRounds "9"]
[EventCountry "ITA"]

1. d4 Nf6 2. c4 e6 3. Nc3 Bb4 4. Qc2 d5 5. cxd5 exd5 6. Bg5 c5 7. Nf3 cxd4 8. Nxd4 Nc6 9. e3 Nxd4 10. exd4 O-O 11. Be2 Qb6 12. Bxf6 Qxf6 13. O-O Be6 14. Qb3 Qxd4 15. Rad1 Qc5 {=} 1/2-1/2

[Event "Open A"]
[Site "Cortina d'Ampezzo"]
[Date "2005.07.12"]
[Round "3.4"]
[White "Mazzilli, Piero"]
[Black "Vezzosi, Paolo"]
[Result "1-0"]
[WhiteElo "2341"]
[BlackElo "2380"]
[PlyCount "73"]
[EventDate "2005.07.10"]
[EventType "swiss"]
[EventRounds "9"]
[EventCountry "ITA"]

1. e4 e6 2. d4 d5 3. Nc3 Bb4 4. e5 c5 5. a3 Bxc3+ 6. bxc3 Qa5 7. Bd2 Qa4 8. Qg4 g6 9. Ra2 Nc6 10. Nf3 f5 11. Qf4 cxd4 12. Bd3 h6 13. Nxd4 Nxd4 14. cxd4 g5 15. Qe3 Ne7 16. Bb4 Bd7 17. Qe2 Ng6 18. g3 g4 19. Rb2 h5 20. Qd2 O-O-O 21. Bd6 Bc6 22. Qc3 Rxd6 23. Bb5 Qxb5 24. Rxb5 Rd7 25. Rc5 Rc7 26. h3 Rd8 27. hxg4 hxg4 28. Rh6 Nf8 29. Qd2 Rh7 30. Rxh7 Nxh7 31. Qh6 Nf8 32. Qf6 a6 33. Kd2 Re8 34. Qf7 Kd8 35. Rxc6 bxc6 36. Qb7 Re7 37. Qb8+ 1-0

[Event "Open A"]
[Site "Cortina d'Ampezzo"]
[Date "2005.07.14"]
[Round "6.6"]
[White "Mrdja, Milan"]
[Black "Lava, Giovanni"]
[Result "1-0"]
[WhiteElo "2352"]
[BlackElo "2257"]
[PlyCount "31"]
[EventDate "2005.07.10"]
[EventType "swiss"]
[EventRounds "9"]
[EventCountry "ITA"]

1. e4 c5 2. Nf3 e6 3. d4 cxd4 4. Nxd4 Nc6 5. Nc3 Qc7 6. Be3 a6 7. Qd2 Nf6 8. O-O-O Bb4 9. f3 Ne5 10. Kb1 b5 11. Ncxb5 Qa5 12. Nc7+ Qxc7 13. Qxb4 Rb8 14. Qa3 d6 15. Nb3 Ke7 16. Rxd6 1-0

[Event "Open A"]
[Site "Cortina d'Ampezzo"]
[Date "2005.07.14"]
[Round "6.13"]
[White "Estremera Panos, Sergio"]
[Black "Marta, Daniele"]
[Result "1-0"]
[WhiteElo "2367"]
[BlackElo "2024"]
[Annotator "Ballarin,Gabriele"]
[PlyCount "57"]
[EventDate "2005.07.10"]
[EventType "swiss"]
[EventRounds "9"]
[EventCountry "ITA"]

1. d4 Nf6 2. c4 g6 3. Nc3 Bg7 4. e4 d6 5. h3 O-O 6. Bg5 c5 7. d5 h6 8. Be3 e6 9. Bd3 exd5 10. cxd5 Re8 11. Nf3 Nbd7 12. O-O a6 13. a4 Qc7 14. Re1 c4 {=} 15. Bc2 Nc5 16. Bd4 Bd7 17. e5 dxe5 18. Bxe5 Qc8 19. Qd4 Nh5 20. Bxg7 Rxe1+ 21. Rxe1 Nxg7 22. Qxc4 Bf5 23. Bxf5 Nxf5 24. g4 Nd6 25. Qf4 Qf8 26. Re3 b5 27. axb5 axb5 28. Ne5 Rb8 29. b4 1-0

[Event "Open A"]
[Site "Cortina d'Ampezzo"]
[Date "2005.07.14"]
[Round "6.14"]
[White "Boscolo, Marco"]
[Black "Navarro, Stefano"]
[Result "1/2-1/2"]
[WhiteElo "2006"]
[BlackElo "2209"]
[PlyCount "52"]
[EventDate "2005.07.10"]
[EventType "swiss"]
[EventRounds "9"]
[EventCountry "ITA"]

1. e4 e5 2. Nf3 d6 3. d4 Nf6 4. Nc3 Nbd7 5. dxe5 dxe5 6. Bc4 Bc5 7. Qe2 O-O 8. Bg5 c6 9. Bb3 b5 10. Rd1 Qc7 11. a4 b4 12. Nb1 h6 13. Bh4 a5 14. Nbd2 Nh5 15. Bg3 Nf4 16. Bxf4 exf4 17. O-O Nb6 18. Nc4 Ba6 19. e5 Qe7 20. Qe4 Bxc4 21. Bxc4 Nxc4 22. Qxc4 g5 23. Ne1 Rfd8 24. Nd3 Rd5 25. Rde1 Rad8 26. b3 Bd4 1/2-1/2

[Event "Open A"]
[Site "Cortina d'Ampezzo"]
[Date "2005.07.14"]
[Round "6.7"]
[White "Dragojlovic, Andjelko"]
[Black "Calzetta Ruiz, Monica"]
[Result "1/2-1/2"]
[WhiteElo "2320"]
[BlackElo "2282"]
[PlyCount "48"]
[EventDate "2005.07.10"]
[EventType "swiss"]
[EventRounds "9"]
[EventCountry "ITA"]

1. e4 c5 2. Nf3 Nc6 3. d4 cxd4 4. Nxd4 Nf6 5. Nc3 d6 6. g3 g6 7. Bg2 Bg7 8. Nxc6 bxc6 9. e5 Nd5 10. Nxd5 cxd5 11. Qxd5 Rb8 12. exd6 O-O 13. O-O Bb7 14. Qd1 Bxg2 15. dxe7 Qxe7 16. Kxg2 Bxb2 17. Rb1 Bxc1 18. Rxb8 Rxb8 19. Qxc1 Rc8 20. Re1 Qc5 21. c4 Qd4 22. Qa3 Qxc4 23. Qxa7 Qd5+ 24. Kg1 Ra8 1/2-1/2

[Event "Open A"]
[Site "Cortina d'Ampezzo"]
[Date "2005.07.13"]
[Round "4.19"]
[White "Forato, Enrico"]
[Black "Crippa, Gabriele"]
[Result "1/2-1/2"]
[WhiteElo "1974"]
[BlackElo "2083"]
[Annotator "Ballarin,Gabriele"]
[PlyCount "26"]
[EventDate "2005.07.10"]
[EventType "swiss"]
[EventRounds "9"]
[EventCountry "ITA"]

1. e4 d6 2. d4 Nf6 3. Nc3 e5 4. dxe5 dxe5 5. Qxd8+ Kxd8 6. Bc4 Be6 7. Bxe6 fxe6 8. Be3 a6 9. f3 Bd6 10. Nh3 Nbd7 11. Nf2 Bc5 12. Bxc5 Nxc5 13. Rd1+ Ke7 {=} 1/2-1/2

[Event "Open A"]
[Site "Cortina d'Ampezzo"]
[Date "2005.07.13"]
[Round "4.13"]
[White "Ventura, Sergio"]
[Black "Maneschi, Giuseppe"]
[Result "1/2-1/2"]
[WhiteElo "2153"]
[BlackElo "2086"]
[PlyCount "26"]
[EventDate "2005.07.10"]
[EventType "swiss"]
[EventRounds "9"]
[EventCountry "ITA"]

1. c4 g6 2. g3 Bg7 3. Bg2 e5 4. Nc3 d6 5. d3 f5 6. Rb1 a5 7. Bd2 Nf6 8. a3 O-O 9. h4 h6 10. b4 axb4 11. Rxb4 c6 12. Qc1 Kh7 13. Nh3 Na6 1/2-1/2

[Event "Open A"]
[Site "Cortina d'Ampezzo"]
[Date "2005.07.13"]
[Round "4.3"]
[White "Napoli, Nicolo"]
[Black "Drazic, Sinisa"]
[Result "0-1"]
[WhiteElo "2225"]
[BlackElo "2497"]
[PlyCount "38"]
[EventDate "2005.07.10"]
[EventType "swiss"]
[EventRounds "9"]
[EventCountry "ITA"]

1. e4 c6 2. d4 d5 3. Nc3 dxe4 4. Nxe4 Nf6 5. Nxf6+ exf6 6. Nf3 Bd6 7. Be2 O-O 8. O-O Re8 9. h3 Nd7 10. Re1 Nf8 11. Bd3 Be6 12. c4 Bc7 13. Qc2 Qd7 14. Be3 Rad8 15. Red1 Bxh3 16. gxh3 Qxh3 17. Ne1 Bh2+ 18. Kh1 Bf4+ 19. Kg1 Rxe3 0-1

[Event "Open A"]
[Site "Cortina d'Ampezzo"]
[Date "2005.07.13"]
[Round "4.1"]
[White "Efimov, Igor"]
[Black "Mazzilli, Piero"]
[Result "1/2-1/2"]
[WhiteElo "2401"]
[BlackElo "2341"]
[PlyCount "50"]
[EventDate "2005.07.10"]
[EventType "swiss"]
[EventRounds "9"]
[EventCountry "ITA"]

1. d4 Nf6 2. c4 e6 3. Nc3 d5 4. Nf3 Be7 5. Bf4 O-O 6. e3 c5 7. dxc5 Bxc5 8. Be2 dxc4 9. Bxc4 a6 10. Bd3 b6 11. O-O Bb7 12. Rc1 Nbd7 13. Ne5 Nxe5 14. Bxe5 Qe7 15. Qc2 h6 16. Bxf6 Qxf6 17. Bh7+ Kh8 18. Be4 Qe7 19. Na4 Rfc8 20. Bxb7 Qxb7 21. Qb3 Rab8 22. Nxc5 Rxc5 23. Rxc5 bxc5 24. Qxb7 Rxb7 25. b3 c4 1/2-1/2

[Event "Open A"]
[Site "Cortina d'Ampezzo"]
[Date "2005.07.13"]
[Round "4.12"]
[White "Satta, Vladimiro"]
[Black "Dvirnyy, Danyyil"]
[Result "1/2-1/2"]
[WhiteElo "2223"]
[BlackElo "2141"]
[Annotator "Ballarin,Gabriele"]
[PlyCount "42"]
[EventDate "2005.07.10"]
[EventType "swiss"]
[EventRounds "9"]
[EventCountry "ITA"]

1. c4 Nf6 2. g3 e5 3. Bg2 Nc6 4. Nc3 Bb4 5. Nd5 Nxd5 6. cxd5 Ne7 7. Qb3 Bc5 8. Nf3 Ng6 9. d3 O-O 10. O-O d6 11. Bd2 h6 12. Bc3 Bb6 13. a4 a5 14. e3 Bg4 15. h3 Bxf3 16. Bxf3 f5 17. d4 Qg5 18. Kh2 f4 19. dxe5 fxg3+ 20. fxg3 Nxe5 21. Bxe5 Qxe5 {=} 1/2-1/2

[Event "Open A"]
[Site "Cortina d'Ampezzo"]
[Date "2005.07.13"]
[Round "4.2"]
[White "Godena, Michele"]
[Black "Calzetta Ruiz, Monica"]
[Result "1-0"]
[WhiteElo "2522"]
[BlackElo "2282"]
[PlyCount "75"]
[EventDate "2005.07.10"]
[EventType "swiss"]
[EventRounds "9"]
[EventCountry "ITA"]

1. e4 c5 2. c3 d6 3. d4 Nf6 4. Bd3 e5 5. dxe5 dxe5 6. Nf3 Nc6 7. O-O Qc7 8. Bg5 Be7 9. Nbd2 O-O 10. Qe2 Bg4 11. h3 Bh5 12. Rfe1 Nd7 13. Be3 Rad8 14. Nf1 Rfe8 15. Ng3 Bg6 16. Bc2 Nf8 17. Bb3 Ne6 18. Bxe6 fxe6 19. Qc4 Bf7 20. Ng5 b6 21. Rad1 Bf6 22. Nxf7 Qxf7 23. b4 Ne7 24. bxc5 bxc5 25. Qxc5 Ng6 26. Qxa7 Be7 27. Rxd8 Rxd8 28. Qa4 Nf4 29. Rb1 Bg5 30. Qa7 Qe8 31. Rb7 Bh6 32. Kh2 Ra8 33. Qb6 Qf8 34. a4 Bg5 35. a5 Bd8 36. Qc6 Bxa5 37. Bxf4 exf4 38. Nh5 1-0

[Event "Open A"]
[Site "Cortina d'Ampezzo"]
[Date "2005.07.14"]
[Round "6.5"]
[White "Vezzosi, Paolo"]
[Black "Braghetta, Sergio"]
[Result "0-1"]
[WhiteElo "2380"]
[BlackElo "2264"]
[PlyCount "92"]
[EventDate "2005.07.10"]
[EventType "swiss"]
[EventRounds "9"]
[EventCountry "ITA"]

1. d4 Nf6 2. c4 c5 3. d5 e6 4. Nc3 exd5 5. cxd5 d6 6. Nf3 g6 7. g3 Bg7 8. Bg2 O-O 9. O-O Re8 10. Bf4 a6 11. a4 Nh5 12. Bg5 Qc7 13. Qd2 Nd7 14. Bh6 Bh8 15. h3 Rb8 16. Rac1 Nhf6 17. Qf4 Nb6 18. Ng5 Qe7 19. g4 Nbd7 20. Rfd1 b5 21. axb5 axb5 22. b3 Ba6 23. e3 b4 24. Nce4 Rb6 25. Nxf6+ Nxf6 26. Bf1 Bxf1 27. Kxf1 Ra6 28. Rc2 Ra3 29. Rd3 Qd7 30. Ke2 Re5 31. Qc4 Qb7 32. e4 Qe7 33. f4 Rxe4+ 34. Nxe4 Nxe4 35. Re3 f5 36. gxf5 gxf5 37. Kd3 Ra1 38. Rg2+ Kf7 39. Qb5 Rd1+ 40. Kc2 Ra1 41. Kd3 Rc1 42. Qb8 Rc3+ 43. Ke2 Rc2+ 44. Kf3 Rxg2 45. Kxg2 Bd4 46. Re2 Qh4 0-1